| 000 | 00668nam a2200217Ia 4500 | ||
|---|---|---|---|
| 003 | GCL | ||
| 008 | 140319s9999 xx 000 0 ara d | ||
| 040 |
_aGCL / _cGCL |
||
| 082 | 0 | 4 |
_a155.4 _bك س |
| 100 | 1 | _aعبدالعزيز القوصى | |
| 245 | 1 | 0 |
_aكيف تستمتع بوقت الفراغ / _cعبدالعزيز القوصى |
| 700 | 1 | _aمننجر, وليم | |
| 700 | 1 | _aمحمد احمد الغنام | |
| 300 | _a106 ص | ||
| 490 |
_aسلسلة دراسات سيكولوجية _v0 |
||
| 650 | 0 | 4 | _aالترفيه |
| 650 | 0 | 4 | _aوقت الفراغ |
| 650 | 0 | 4 | _aالهوايات |
| 650 | 0 | 4 | _aالاطفال, وقت الفراغ |
| 942 |
_2ddc _cBK |
||
| 999 |
_c47152 _d47152 |
||